|
|
|
|
| LEADER |
00877nam a2200205 4500 |
| 001 |
c000021011 |
| 003 |
CARM |
| 005 |
00000000000000.0 |
| 008 |
910806s1955 mau 0001 eng S |
| 019 |
1 |
|
|a 8785992
|z 27721104
|5 LACONCORD2021
|
| 035 |
|
|
|a (OCoLC)557059
|5 LACONCORD2021
|
| 100 |
1 |
|
|a Lombard, George Francis Fabyan.
|
| 245 |
0 |
0 |
|a Behavior in a selling group :
|b a case study of interpersonal relations in a department store.
|
| 260 |
|
|
|a Boston :
|b Harvard Univ., Division of Research, Graduate School of Business Administration,
|c 1955.
|
| 300 |
|
|
|a 359p.
|
| 650 |
|
0 |
|a Clerks (Retail trade)
|
| 650 |
|
0 |
|a Department stores
|x Employees.
|
| 852 |
8 |
|
|b CARM
|h A2:AE22B0
|i B00592
|p 0032894
|f BK
|
| 999 |
f |
f |
|i edba43ca-234a-567e-ac9f-fdc7d06d7894
|s 43e8cb8b-c58c-5b19-bf89-83bb4db901ae
|
| 952 |
f |
f |
|p Can circulate
|a CAVAL
|b CAVAL
|c CAVAL
|d CARM 1 Store
|e B00592
|f A2:AE22B0
|h Other scheme
|i book
|m 0032894
|